The Essential Jung : (Record no. 587047)

MARC details
000 -LEADER
fixed length control field 00481nam a2200181 a 4500
008 - FIXED-LENGTH DATA ELEMENTS--GENERAL INFORMATION
fixed length control field 250914s1998##################000#0#eng##
020 ## - INTERNATIONAL STANDARD BOOK NUMBER
ISBN 9780006530657
082 04 - DEWEY DECIMAL CLASSIFICATION NUMBER
Classification number 150.1954
Item number STO
100 1# - MAIN ENTRY--AUTHOR NAME
Personal name Jung, Carl Gustav,
245 10 - TITLE STATEMENT
Title The Essential Jung :
260 ## - PUBLICATION, DISTRIBUTION, ETC. (IMPRINT)
Name of publisher HarperCollins Publishers,
Year of publication 1998.
650 #0 - SUBJECT ADDED ENTRY--TOPICAL TERM
Topical Term Psychoanalysis.
942 ## - ADDED ENTRY ELEMENTS (KOHA)
Koha item type English Books
Holdings
Withdrawn status Lost status Damaged status Not for loan Home library Current library Shelving location Date acquired Full call number Accession Number Price effective from Koha item type
        Anna Centenary Library Anna Centenary Library 3RD FLOOR, A WING 15.09.2025 150.1954 STO 486025 15.09.2025 English Books

Find us on the map